000 00386nam a2200133Ia 4500
008 220204s9999 xx 000 0 und d
082 _a581.2
_bKIR
100 _aKIRALY, Z
245 0 _aMethods in plant pathology:With special reference to breeding for disease resistance.
260 _aAmsterdam
_bElsevier
_c1974
650 _aPlant pathology
650 _aPlant viruses
942 _cBK
999 _c23245
_d23245